Wrong Answers Only #5 - Statistics

General Stats
  • This quiz has been taken 50 times
  • The average score is 6 of 10
Answer Stats
Question Answer % Correct
Which of the following flags includes a Nordic cross?
89%
Which of the following answer choices is the name of a chess piece? Tower
89%
Which of the following composers is part of "The Three Bs" Hildegard Bingen
78%
Which of the following languages is a romance language? Dutch
72%
Which of the following holidays are federal holidays in the United States? Earth Day
56%
Which of the following animals is an ape? Lemur
56%
Which of the following cities is located in France? Liège
56%
Which of the following countries is located in the Maghreb? Egypt
50%
Which of the following properties is on a standard Monopoly board? St Peters Place
39%
Which of the following countries was a member of the Warsaw Pact? Czech Republic
28%
No matching quizzes found
Score Distribution
Percent of People with Each Score
Percentile by Number Answered
Your Score History
You have not taken this quiz